000 00159 a2200085 4500
041 _aspa
100 _aAnonimo
245 _aLa nutricion de la familia
942 _cBK
999 _c3978
_d3978